000 00623nam a22002417a 4500
003 UA-OsUOA
001 26707
007 ta
008 20040608b un ||||| |||| 00| 0 ukr d
090 _a615.851(075.8)
_bП86
942 _cBK
040 _aUA-OsUOA
_brus
_cUA-OsUOA
_dUA-OsUOA
245 _aПсихотерапия
_bУчебник
_cПод ред. Б.Д,Карвасарского
300 _a544 с.
955 _a0
041 _arus
080 _a615.851(075.8)
020 _a5-314-00167-5
260 _aСанкт-Петрбург
_bПитер
_c2000
044 _aRU
650 7 _2UDC
999 _c313035
_d313035